Manual of engineering drawing: technical product specification and documentation to British and international standards. (3rd ed.) (Record no. 82589)

MARC details
000 -LEADER
fixed length control field 01188nam a2200241 a 4500
008 - FIXED-LENGTH DATA ELEMENTS--GENERAL INFORMATION
fixed length control field 101004s2009 ||||||||||||||||| || u
020 ## - INTERNATIONAL STANDARD BOOK NUMBER
International Standard Book Number 9780750689854
050 ## - LIBRARY OF CONGRESS CALL NUMBER
Classification number T 353 Sim
100 ## - MAIN ENTRY--PERSONAL NAME
Personal name Simmons, Colin H
245 10 - TITLE STATEMENT
Title Manual of engineering drawing: technical product specification and documentation to British and international standards. (3rd ed.)
Statement of responsibility, etc. by Colin H. Simmons; Dennis E. Maguire; Neil Phelps
250 ## - EDITION STATEMENT
Edition statement 3rd ed.
260 ## - PUBLICATION, DISTRIBUTION, ETC.
Place of publication, distribution, etc. Oxford:
Name of publisher, distributor, etc. Newnes
Date of publication, distribution, etc. 2009
300 ## - PHYSICAL DESCRIPTION
Extent vii, 328p.: ill
350 ## -
-- 0.00
650 ## - SUBJECT ADDED ENTRY--TOPICAL TERM
Topical term or geographic name entry element ENGINEERING
650 ## - SUBJECT ADDED ENTRY--TOPICAL TERM
Topical term or geographic name entry element MECHANICAL DRAWING--STANDARDS
650 ## - SUBJECT ADDED ENTRY--TOPICAL TERM
Topical term or geographic name entry element ENGINEERING DRAWING
700 ## - ADDED ENTRY--PERSONAL NAME
Personal name Maguire, Dennis E
700 ## - ADDED ENTRY--PERSONAL NAME
Personal name Phelps, Neil
995 ## -
-- MAIN LIBRARY OPEN ACCESS
-- 744309
-- CBU-MAIN LIBRARY (Kitwe)
-- 0.00
-- T 353 Sim
-- 2
-- AVAILABLE
-- Sep 11, 2013
-- 744309
-- Main Library Open Access Collection
995 ## -
-- MAIN LIBRARY OPEN ACCESS
-- 744310
-- CBU-MAIN LIBRARY (Kitwe)
-- 0.00
-- T 353 Sim
-- 3
-- AVAILABLE
-- Sep 11, 2013
-- 744310
-- Main Library Open Access Collection
995 ## -
-- MAIN LIBRARY OPEN ACCESS
-- 0.00
-- 741695
-- CBU-MAIN LIBRARY (Kitwe)
-- 1
-- 0.00
-- T 353 Sim
-- 1
-- AVAILABLE
-- Oct 6, 2010
-- 741695
-- Main Library Open Access Collection
999 ## -
-- 82589
-- 82589
Holdings
Withdrawn status Lost status Source of classification or shelving scheme Damaged status Not for loan Permanent Location Current Location Shelving location Date acquired Total Checkouts Full call number Barcode Date last seen Copy number Price effective from Koha item type
          CBU-MAIN LIBRARY, KITWE. CBU-MAIN LIBRARY, KITWE.   09/29/2023   T 353 Sim 744309 09/29/2023 1 09/29/2023 MONOGRAPH
          CBU-MAIN LIBRARY, KITWE. CBU-MAIN LIBRARY, KITWE.   09/29/2023   T 353 Sim 744310 09/29/2023 2 09/29/2023 MONOGRAPH
          CBU-MAIN LIBRARY, KITWE. CBU-MAIN LIBRARY, KITWE.   09/29/2023   T 353 Sim 741695 09/29/2023 3 09/29/2023 MONOGRAPH